[Event "Quebec op"]
[Site "Montreal CAN"]
[Date "1986.08.03"]
[Round "1"]
[White "Bolduc, Steve"]
[Black "Mercille, Pierre"]
[Result "1-0"]
[WhiteElo "2322"]
[BlackElo "1861"]
[PlyCount "51"]
[GameId "2160767912650925"]
[EventDate "1986.08.03"]
[EventType "swiss"]
[EventRounds "8"]
[EventCountry "CAN"]
[SourceTitle "FQE 02"]

1. d4 Nf6 2. c4 e6 3. Nf3 Bb4+ 4. Nbd2 d5 5. Qa4+ Nc6 6. a3 Be7 7. e3 Bd7 8. Qc2 a5 9. b3 O-O 10. Bd3 Re8 11. O-O Bf8 12. Bb2 g6 13. Rfe1 Na7 14. Rad1 b5 15. e4 a4 16. cxd5 exd5 17. Ne5 Rb8 18. b4 Be6 19. Qb1 Bh6 20. f3 Nh5 21. Bf1 Nf4 22. Nd3 Nc8 23. Nxf4 Bxf4 24. exd5 Qxd5 25. Ne4 Nd6 26. Nf6+ 1-0

[Event "Quebec op"]
[Site "Montreal CAN"]
[Date "1986.08.05"]
[Round "3"]
[White "Bolduc, Steve"]
[Black "Gaudreau, Alain"]
[Result "1-0"]
[WhiteElo "2322"]
[BlackElo "1961"]
[PlyCount "68"]
[GameId "2160767912650945"]
[EventDate "1986.08.03"]
[EventType "swiss"]
[EventRounds "8"]
[EventCountry "CAN"]
[SourceTitle "hb 2011"]

1. d4 Nf6 2. c4 g6 3. Nf3 Bg7 4. g3 c6 5. Bg2 O-O 6. O-O d6 7. Nc3 Nbd7 8. h3 e5 9. e4 exd4 10. Nxd4 Re8 11. Bf4 Nc5 12. Re1 Nh5 13. Be3 Ne6 14. Nc2 Nf6 15. Qd2 Qe7 16. Rad1 Rd8 17. Kh2 b6 18. b4 Bb7 19. f4 Bh8 20. f5 Ng7 21. Bf4 Nge8 22. b5 Nh5 23. bxc6 Bxc6 24. Nd5 Bxd5 25. exd5 Qc7 26. fxg6 hxg6 27. Bg5 Bf6 28. Re4 Neg7 29. g4 Ne6 30. Rxe6 fxe6 31. gxh5 Be5+ 32. Kh1 Rf8 33. dxe6 Qxc4 34. e7 Rfe8 1-0

[Event "Quebec op"]
[Site "Montreal CAN"]
[Date "1986.08.06"]
[Round "4"]
[White "Bolduc, Steve"]
[Black "Leveille, Francois"]
[Result "1/2-1/2"]
[WhiteElo "2322"]
[BlackElo "2200"]
[PlyCount "62"]
[GameId "2160767912650952"]
[EventDate "1986.08.03"]
[EventType "swiss"]
[EventRounds "8"]
[EventCountry "CAN"]
[SourceTitle "FQE 02"]

1. d4 Nf6 2. c4 e6 3. Nf3 d5 4. Nc3 Be7 5. Bg5 O-O 6. e3 Nbd7 7. Rc1 c6 8. a3 a6 9. Bd3 h6 10. Bf4 dxc4 11. Bxc4 b5 12. Ba2 Bb7 13. O-O c5 14. d5 exd5 15. Nxd5 Nxd5 16. Bxd5 Bxd5 17. Qxd5 Ra7 18. Rfd1 Qb6 19. Bd6 Bxd6 20. Qxd6 Rc8 21. Qe7 Nf6 22. Qe5 Rac7 23. h4 Rc6 24. h5 Re8 25. Qf5 c4 26. Ne5 Rc5 27. f4 Rcxe5 28. fxe5 Qxe3+ 29. Kh2 Rxe5 30. Rd8+ Re8 31. Rxe8+ Qxe8 1/2-1/2

[Event "Quebec op"]
[Site "Montreal CAN"]
[Date "1986.08.07"]
[Round "5"]
[White "Berube, Richard"]
[Black "Bolduc, Steve"]
[Result "1/2-1/2"]
[WhiteElo "2133"]
[BlackElo "2322"]
[PlyCount "109"]
[GameId "2160767912650963"]
[EventDate "1986.08.03"]
[EventType "swiss"]
[EventRounds "8"]
[EventCountry "CAN"]
[SourceTitle "hb 2011"]

1. d4 Nf6 2. Nf3 e6 3. c4 b6 4. Nc3 Bb7 5. a3 d5 6. cxd5 exd5 7. g3 Be7 8. Qa4+ c6 9. Bg2 O-O 10. O-O Nbd7 11. Rd1 Re8 12. Bg5 Ne4 13. Bxe7 Qxe7 14. Re1 a5 15. Qc2 g6 16. e3 Rac8 17. Nd2 f5 18. f3 Nd6 19. Rad1 c5 20. dxc5 Nxc5 21. Nf1 Qf7 22. Qb1 a4 23. Qa2 Nc4 24. f4 Ne4 25. Nxe4 dxe4 26. Rd4 Red8 27. Red1 Rxd4 28. Rxd4 Bd5 29. Qb1 b5 30. Qc1 Be6 31. Qc3 Qe7 32. Nd2 Ne5 33. Qa5 Rc1+ 34. Nf1 Nc6 35. Qa8+ Kg7 36. Rd2 Bb3 37. Qc8 Be6 38. Qa8 Qc5 39. Qb7+ Kh6 40. Kf2 b4 41. g4 fxg4 42. axb4 Nxb4 43. Qxe4 Bf5 44. Qe8 Nd3+ 45. Kg3 Rc2 46. Rxc2 Qxc2 47. Kh4 Qc5 48. Qxa4 Qe7+ 49. Kg3 Kh5 50. h3 gxh3 51. Bf3+ Kh6 52. Qd4 g5 53. Qb6+ Kg7 54. Qd4+ Kh6 55. Qb6+ 1/2-1/2

[Event "Quebec op"]
[Site "Montreal CAN"]
[Date "1986.08.07"]
[Round "5"]
[White "Bolduc, Steve"]
[Black "Takahashi, Nozumo"]
[Result "1-0"]
[WhiteElo "2322"]
[BlackElo "1955"]
[PlyCount "73"]
[GameId "2160767912650964"]
[EventDate "1986.08.03"]
[EventType "swiss"]
[EventRounds "8"]
[EventCountry "CAN"]
[SourceTitle "FQE 02"]

1. d4 Nf6 2. c4 c5 3. d5 e6 4. Nc3 exd5 5. cxd5 d6 6. Nf3 g6 7. Bg5 h6 8. Bh4 g5 9. Bg3 Nh5 10. e3 Nxg3 11. hxg3 Bg7 12. Qc2 a6 13. a4 Nd7 14. Bd3 Rb8 15. a5 b5 16. axb6 Qxb6 17. Ra2 Qb4 18. Ke2 c4 19. Be4 Nc5 20. Nd4 Bxd4 21. exd4 Nb3 22. Rd1 Qb6 23. Kf1 Nxd4 24. Qd2 Nb3 25. Qe2 O-O 26. g4 a5 27. g3 Ba6 28. Kg2 Kg7 29. Bb1 Bc8 30. f4 f5 31. fxg5 Rb7 32. gxh6+ Kxh6 33. gxf5 Bxf5 34. Rh1+ Kg5 35. Qh5+ Kf6 36. Qxf5+ Ke7 37. Re1+ 1-0

[Event "Quebec op"]
[Site "Montreal CAN"]
[Date "1986.08.08"]
[Round "6"]
[White "Lake, Perry"]
[Black "Bolduc, Steve"]
[Result "1-0"]
[WhiteElo "2041"]
[BlackElo "2322"]
[PlyCount "31"]
[GameId "2160767912650981"]
[EventDate "1986.08.03"]
[EventType "swiss"]
[EventRounds "8"]
[EventCountry "CAN"]
[SourceTitle "hb 2011"]

1. c4 e6 2. Nc3 d5 3. d4 Be7 4. Nf3 Nf6 5. Bg5 O-O 6. e3 Nbd7 7. Qc2 c5 8. O-O-O dxc4 9. Bxc4 a6 10. d5 Nxd5 11. Bxe7 Nxe3 12. Bxd8 Nxc2 13. Kxc2 Rxd8 14. Ne5 b5 15. Nxb5 axb5 16. Bxb5 1-0

[Event "Quebec op"]
[Site "Montreal CAN"]
[Date "1986.08.08"]
[Round "6"]
[White "Stone, Raymond"]
[Black "Bolduc, Steve"]
[Result "1/2-1/2"]
[WhiteElo "2369"]
[BlackElo "2322"]
[PlyCount "66"]
[GameId "2160767912650985"]
[EventDate "1986.08.03"]
[EventType "swiss"]
[EventRounds "8"]
[EventCountry "CAN"]
[SourceTitle "FQE 02"]

1. d4 Nf6 2. c4 e6 3. Nf3 b6 4. Nc3 Bb7 5. Bg5 d5 6. cxd5 exd5 7. e3 Be7 8. Bb5+ c6 9. Ba4 Nbd7 10. O-O O-O 11. Rc1 Ne4 12. Bf4 Rc8 13. a3 a5 14. Nxe4 dxe4 15. Ne5 Nxe5 16. Bxe5 Bd6 17. Bxd6 Qxd6 18. Bb3 Kh8 19. Bc4 f5 20. Qb3 b5 21. Be2 f4 22. exf4 Qxd4 23. g3 Qb6 24. Qe3 Qd8 25. Rc5 Qf6 26. Re5 Rcd8 27. b4 axb4 28. axb4 Rd7 29. Rxe4 Qb2 30. Re8 Qxb4 31. Qe4 Qc5 32. Qe3 Qb4 33. Qe4 Qc5 1/2-1/2

[Event "Quebec-ch"]
[Site "Montreal CAN"]
[Date "1986.06.16"]
[Round "1"]
[White "Bolduc, Steve"]
[Black "Dupuis, Stephane"]
[Result "1-0"]
[WhiteElo "2230"]
[BlackElo "2119"]
[PlyCount "125"]
[GameId "2160767912651317"]
[EventDate "1986.06.16"]
[EventType "tourn"]
[EventRounds "11"]
[EventCountry "CAN"]
[SourceTitle "EXT 86b"]

1. d4 d5 2. c4 c6 3. Nf3 Nf6 4. Nc3 dxc4 5. a4 Bf5 6. Ne5 Nbd7 7. Nxc4 Qc7 8. g3 e5 9. dxe5 Nxe5 10. Bf4 Rd8 11. Qc1 Bd6 12. Nxd6+ Qxd6 13. Bg2 O-O 14. a5 a6 15. O-O Qe6 16. Na4 Ned7 17. Re1 Bh3 18. e4 Bxg2 19. Kxg2 Ng4 20. Qc3 Nge5 21. Rad1 Ng6 22. Bc7 Rc8 23. Bd6 Rfe8 24. f3 f6 25. Qb4 Nde5 26. b3 Nxf3 27. Kxf3 Qh3 28. Qc4+ Kh8 29. Rd2 Nh4+ 30. Ke2 Qg4+ 31. Kd3 Nf3 32. Ree2 Rcd8 33. e5 Qf5+ 34. Kc3 Nxd2 35. Rxd2 fxe5 36. Nc5 e4 37. Bf4 e3 38. Rxd8 Qf6+ 39. Qd4 Qxd8 40. Qxd8 Rxd8 41. Bxe3 Re8 42. Kd4 Re7 43. Bg5 Rf7 44. Ke5 Kg8 45. Ke6 Kf8 46. Ne4 h6 47. Nd6 Rf3 48. Be7+ Kg8 49. b4 Re3+ 50. Kd7 Rd3 51. Kc7 Re3 52. Kd7 Rd3 53. Ke8 Rd2 54. Nxb7 Rxh2 55. Nc5 g5 56. Nxa6 Kg7 57. Nc5 Kg6 58. a6 Ra2 59. Kd7 h5 60. Kxc6 Kf5 61. b5 h4 62. gxh4 g4 63. Bd6 1-0

[Event "Quebec-ch"]
[Site "Montreal CAN"]
[Date "1986.06.18"]
[Round "3"]
[White "Williams, Leo"]
[Black "Bolduc, Steve"]
[Result "0-1"]
[WhiteElo "2285"]
[BlackElo "2230"]
[PlyCount "60"]
[GameId "2160767912651333"]
[EventDate "1986.06.16"]
[EventType "tourn"]
[EventRounds "11"]
[EventCountry "CAN"]
[SourceTitle "EXT 86b"]

1. e4 c6 2. d4 d5 3. e5 Bf5 4. Nc3 e6 5. g4 Bg6 6. Nge2 Bb4 7. h4 c5 8. Rh3 h5 9. Bg5 f6 10. exf6 gxf6 11. Bd2 hxg4 12. Re3 Kf7 13. Nf4 Bf5 14. Nce2 Nc6 15. c3 cxd4 16. cxd4 Qa5 17. Bc3 Qc7 18. Qb3 Bxc3+ 19. Rxc3 Nge7 20. h5 Be4 21. O-O-O Rad8 22. Rd2 b6 23. Qa4 Qd6 24. a3 Rc8 25. Bg2 Bxg2 26. Nxg2 Rxh5 27. Ng3 Rh2 28. Ne3 Qf4 29. Qc2 f5 30. Nef1 Rxf2 0-1

[Event "Quebec-ch"]
[Site "Montreal CAN"]
[Date "1986.06.19"]
[Round "4"]
[White "Bolduc, Steve"]
[Black "Spraggett, Grant"]
[Result "0-1"]
[WhiteElo "2230"]
[BlackElo "2175"]
[PlyCount "46"]
[GameId "2160767912651335"]
[EventDate "1986.06.16"]
[EventType "tourn"]
[EventRounds "11"]
[EventCountry "CAN"]
[SourceTitle "EXT 86b"]

1. d4 Nf6 2. c4 g6 3. Nc3 d5 4. Nf3 Bg7 5. Qb3 dxc4 6. Qxc4 O-O 7. e4 a6 8. Bf4 b5 9. Qxc7 Qxc7 10. Bxc7 Bb7 11. e5 Nd5 12. Ba5 Nf4 13. O-O-O Nh3 14. gxh3 Bxf3 15. Be2 Bxh1 16. Rxh1 Nc6 17. Bb6 Rfc8 18. f4 b4 19. Bg4 bxc3 20. Bxc8 cxb2+ 21. Kb1 Rxc8 22. d5 Nb4 23. Rd1 Rc1+ 0-1

[Event "Quebec-ch"]
[Site "Montreal CAN"]
[Date "1986.06.20"]
[Round "5"]
[White "Leveille, Francois"]
[Black "Bolduc, Steve"]
[Result "1-0"]
[WhiteElo "2245"]
[BlackElo "2230"]
[PlyCount "99"]
[GameId "2160767912651341"]
[EventDate "1986.06.16"]
[EventType "tourn"]
[EventRounds "11"]
[EventCountry "CAN"]
[SourceTitle "EXT 86b"]

1. e4 e6 2. Nf3 d5 3. Nc3 Nf6 4. e5 Nfd7 5. d4 c5 6. Bb5 Nc6 7. O-O Qb6 8. Be3 a6 9. Bxc6 Qxc6 10. dxc5 Bxc5 11. Nd4 Qc7 12. f4 g6 13. Kh1 Nb6 14. b3 h5 15. a4 Bd7 16. Nce2 Nc8 17. Qe1 Rb8 18. Qf2 Be7 19. a5 Bb4 20. c3 Bf8 21. Rfc1 Bc6 22. Nf3 Ne7 23. Bc5 Qd7 24. Ned4 Bh6 25. Qh4 Bg7 26. Re1 Rc8 27. Bb4 Bb5 28. Re3 Rg8 29. Nxb5 axb5 30. Nd4 Bf8 31. Bd6 Nf5 32. Nxf5 exf5 33. Bxf8 Rxf8 34. Qe1 Qe6 35. Qe2 Rc5 36. Qd3 Ke7 37. Qd4 Rfc8 38. h3 R8c7 39. Kh2 Ke8 40. Rd1 Ke7 41. Rf3 h4 42. Rdd3 Ke8 43. b4 Rc4 44. Qxd5 Qxd5 45. Rxd5 Rxc3 46. Rxc3 Rxc3 47. Rxb5 Rc7 48. g3 hxg3+ 49. Kxg3 Kd7 50. Kh4 1-0

[Event "Quebec-ch"]
[Site "Montreal CAN"]
[Date "1986.06.22"]
[Round "7"]
[White "Kleinplatz, Sam"]
[Black "Bolduc, Steve"]
[Result "0-1"]
[WhiteElo "2250"]
[BlackElo "2230"]
[PlyCount "72"]
[GameId "2160767912651353"]
[EventDate "1986.06.16"]
[EventType "tourn"]
[EventRounds "11"]
[EventCountry "CAN"]
[SourceTitle "EXT 86b"]

1. d4 d5 2. Nc3 c6 3. Bg5 Qc7 4. e4 dxe4 5. Nxe4 Bf5 6. Bd3 h6 7. Bd2 e6 8. Qe2 Nd7 9. Nf3 O-O-O 10. O-O-O Ngf6 11. Kb1 Nxe4 12. Bxe4 Bxe4 13. Qxe4 Nf6 14. Qe2 c5 15. g3 Bd6 16. c4 Rhe8 17. Bc3 a6 18. Rhe1 cxd4 19. Nxd4 Rd7 20. Rc1 Kb8 21. Nb3 Bc5 22. Be5 Bd6 23. Bxf6 gxf6 24. c5 Bf8 25. Qf3 Red8 26. Qxf6 Rd5 27. Re4 Rf5 28. Qc3 Rxf2 29. Rb4 Ka8 30. Rb6 Be7 31. Qe3 Rxh2 32. c6 Bf6 33. Na5 Rdd2 34. cxb7+ Qxb7 35. Qxd2 Qe4+ 36. Ka1 Rxd2 0-1

[Event "Quebec-ch"]
[Site "Montreal CAN"]
[Date "1986.06.28"]
[Round "10"]
[White "Delisle, Claude"]
[Black "Bolduc, Steve"]
[Result "1/2-1/2"]
[WhiteElo "2055"]
[BlackElo "2230"]
[PlyCount "86"]
[GameId "2160767912651371"]
[EventDate "1986.06.16"]
[EventType "tourn"]
[EventRounds "11"]
[EventCountry "CAN"]
[SourceTitle "EXT 86b"]

1. d4 Nf6 2. c4 e6 3. Nf3 c5 4. d5 exd5 5. cxd5 d6 6. Nc3 g6 7. e4 Bg7 8. Be2 O-O 9. Bf4 a6 10. a4 Qe7 11. Nd2 Nbd7 12. O-O Ne8 13. Bg3 f5 14. exf5 gxf5 15. f4 Bxc3 16. bxc3 Qe3+ 17. Kh1 Qxc3 18. Bh4 Ndf6 19. Rf3 Qa5 20. Re3 Qc7 21. Qb3 Ng7 22. Bc4 Bd7 23. Qc3 Rae8 24. Rae1 Qd8 25. Qb2 Rxe3 26. Rxe3 Bc8 27. Nf3 Ngh5 28. g3 Qc7 29. Ng5 Ng7 30. Ne6 Qe7 31. Nxf8 Qxe3 32. Bxf6 Nh5 33. Bf1 Kxf8 34. Bg5 Qe4+ 35. Kg1 Qxd5 36. Qb6 Qd4+ 37. Kg2 Qe4+ 38. Kh3 Qe6 39. Qd8+ Kf7 40. Kh4 Ng7 41. Bc4 Qxc4 42. Qe7+ Kg8 43. Qd8+ Kf7 1/2-1/2

[Event "Fievre du Printemps"]
[Site "Montreal CAN"]
[Date "1986.05.12"]
[Round "1"]
[White "Kleinplatz, Sam"]
[Black "Bolduc, Steve"]
[Result "0-1"]
[WhiteElo "2197"]
[BlackElo "2260"]
[PlyCount "108"]
[GameId "2160767912651514"]
[EventDate "1986.05.12"]
[EventType "tourn"]
[EventRounds "9"]
[EventCountry "CAN"]
[SourceTitle "hb 2011"]

1. d4 Nf6 2. c4 e6 3. Nf3 d5 4. cxd5 exd5 5. Nc3 c6 6. Bg5 Be7 7. e3 Bf5 8. Nh4 Bg6 9. Nxg6 hxg6 10. Bd3 Nh5 11. Bxe7 Qxe7 12. Qa4 Nd7 13. O-O-O O-O 14. Kb1 a5 15. Rc1 b5 16. Qd1 Nb6 17. Ne2 Nc4 18. g4 Nf6 19. Ng3 Qb4 20. Bxc4 bxc4 21. Ka1 Rfb8 22. Rc2 a4 23. a3 Qe7 24. g5 Ne4 25. Nxe4 Qxe4 26. Rc3 Rb3 27. Rxb3 axb3 28. Rg1 Kf8 29. Qd2 Ra4 30. Qd1 Qh4 31. Qg4 Qxg4 32. Rxg4 Ke7 33. Rf4 f6 34. gxf6+ gxf6 35. h4 Ra8 36. Rf3 Rh8 37. Rg3 Rxh4 38. Rg1 Rh2 39. Rf1 Ke6 40. Kb1 Kf5 41. Kc1 Ke4 42. Kd2 Kf3 43. Kc3 Ke2 44. Rg1 g5 45. f4 Kxe3 46. fxg5 fxg5 47. Rxg5 Rc2+ 48. Kb4 Kxd4 49. Rg4+ Ke5 50. Rg6 Rxb2 51. Rxc6 Rh2 52. Rb6 Kd4 53. a4 c3 54. Ka3 Ra2+ 0-1

[Event "Fievre du Printemps"]
[Site "Montreal CAN"]
[Date "1986.05.15"]
[Round "2"]
[White "Bolduc, Steve"]
[Black "Delisle, Claude"]
[Result "1-0"]
[WhiteElo "2260"]
[BlackElo "2074"]
[PlyCount "63"]
[GameId "2160767912651515"]
[EventDate "1986.05.12"]
[EventType "tourn"]
[EventRounds "9"]
[EventCountry "CAN"]
[SourceTitle "hb 2011"]

1. d4 Nf6 2. c4 c5 3. d5 b5 4. a4 b4 5. f3 g6 6. Nh3 Bg7 7. e4 d6 8. Nf2 O-O 9. Be2 e5 10. f4 exf4 11. Bxf4 Ne8 12. O-O Nd7 13. Qb3 Ne5 14. Nd2 Qe7 15. Rae1 f5 16. Nd3 Nxd3 17. Bxd3 Bd4+ 18. Kh1 Qf6 19. exf5 gxf5 20. Nf3 Bxb2 21. Ng5 Be5 22. Bc1 Ng7 23. Ne4 Qh4 24. g3 Qg4 25. Ng5 Bc3 26. Ne6 Nxe6 27. Rxe6 Bxe6 28. dxe6 Kh8 29. a5 Be5 30. e7 Rg8 31. Bxf5 Qh5 32. Be4 1-0

[Event "Fievre du Printemps"]
[Site "Montreal CAN"]
[Date "1986.05.19"]
[Round "3"]
[White "Desforges, Jean"]
[Black "Bolduc, Steve"]
[Result "0-1"]
[WhiteElo "1979"]
[BlackElo "2260"]
[PlyCount "100"]
[GameId "2160767912651516"]
[EventDate "1986.05.12"]
[EventType "tourn"]
[EventRounds "9"]
[EventCountry "CAN"]
[SourceTitle "hb 2011"]

1. d4 Nf6 2. c4 d6 3. Nc3 c6 4. e4 e5 5. Nge2 Be7 6. f3 O-O 7. Be3 Re8 8. Qd2 Be6 9. d5 Bd7 10. dxc6 bxc6 11. c5 d5 12. exd5 cxd5 13. Nxd5 Nxd5 14. Qxd5 Qc7 15. Qc4 Be6 16. Qa4 Nd7 17. Rc1 a5 18. Ng3 Rec8 19. Ne4 Rab8 20. Bb5 f5 21. Bc4 Bxc4 22. Qxc4+ Kh8 23. Ng5 Bxg5 24. Bxg5 Rxb2 25. O-O Nb8 26. Qe6 Nc6 27. Qd6 Qf7 28. Rb1 Qxa2 29. Rxb2 Qxb2 30. Rd1 Qb7 31. Bd8 Qf7 32. Bb6 a4 33. Qd3 Nd4 34. Qa6 Qe8 35. f4 Ra8 36. Qd3 Nc6 37. fxe5 Qxe5 38. Qd7 Qe4 39. Qb7 Re8 40. h3 f4 41. Qf7 h6 42. Qd5 Qxd5 43. Rxd5 a3 44. Rd1 a2 45. Ra1 Re2 46. Bc7 g5 47. Rd1 Kg8 48. Bd8 Rb2 49. Bf6 Rb1 50. Rf1 Kf7 0-1

[Event "Fievre du Printemps"]
[Site "Montreal CAN"]
[Date "1986.05.22"]
[Round "4"]
[White "Lake, Perry"]
[Black "Bolduc, Steve"]
[Result "0-1"]
[WhiteElo "2103"]
[BlackElo "2260"]
[PlyCount "119"]
[GameId "2160767912651517"]
[EventDate "1986.05.12"]
[EventType "tourn"]
[EventRounds "9"]
[EventCountry "CAN"]
[SourceTitle "hb 2011"]

1. e4 c6 2. d4 d5 3. Nd2 dxe4 4. Nxe4 Nd7 5. Bc4 Ngf6 6. Ng5 e6 7. Qe2 Nb6 8. Bb3 h6 9. N5f3 a5 10. a3 a4 11. Ba2 c5 12. c3 Bd6 13. Ne5 cxd4 14. cxd4 O-O 15. Ngf3 Nbd5 16. O-O b5 17. Bd2 Qb6 18. Rfc1 Bb7 19. Bb1 Rfc8 20. Bd3 Rxc1+ 21. Rxc1 b4 22. Nc4 Qd8 23. Nxd6 Qxd6 24. Ra1 Nf4 25. Bxf4 Qxf4 26. axb4 Ng4 27. h3 Bxf3 28. Qxf3 Qh2+ 29. Kf1 Re8 30. Ke2 Nf6 31. Rxa4 Nd5 32. g3 Qg1 33. Ra7 Rf8 34. Kd2 g6 35. Qe2 Rc8 36. Qf1 Qh2 37. b5 Nf4 38. Ra3 Nxh3 39. b6 Nxf2 40. Qe2 Qxg3 41. b7 Rb8 42. Ba6 Qf4+ 43. Qe3 Ne4+ 44. Kd3 Qf1+ 45. Qe2 Qb1+ 46. Qc2 Qf1+ 47. Ke3 Qe1+ 48. Qe2 Qg3+ 49. Qf3 Qe1+ 50. Qe2 Qg3+ 51. Qf3 Qe1+ 52. Kf4 g5+ 53. Ke5 Nc3+ 54. Kd6 Nd5 55. Rc3 Rd8+ 56. Kc5 Qa1 57. Qe2 Nxc3 58. bxc3 Qxc3+ 59. Qc4 Qa5+ 60. Kc6 0-1

[Event "Fievre du Printemps"]
[Site "Montreal CAN"]
[Date "1986.05.26"]
[Round "5"]
[White "Bolduc, Steve"]
[Black "Spraggett, Grant"]
[Result "1-0"]
[WhiteElo "2260"]
[BlackElo "2167"]
[PlyCount "73"]
[GameId "2160767912651518"]
[EventDate "1986.05.12"]
[EventType "tourn"]
[EventRounds "9"]
[EventCountry "CAN"]
[SourceTitle "hb 2011"]

1. d4 Nf6 2. c4 g6 3. Nc3 d5 4. Nf3 Bg7 5. Qb3 dxc4 6. Qxc4 Na6 7. e4 c6 8. Qa4 Nc7 9. h3 O-O 10. Be3 Nd7 11. Be2 a5 12. O-O h6 13. Rad1 e6 14. Ne5 Nf6 15. Qc2 Kh7 16. Rfe1 Nfe8 17. Bf4 Qe7 18. Na4 f6 19. Nf3 e5 20. Be3 Qf7 21. Nb6 Rb8 22. dxe5 fxe5 23. Rd8 Nf6 24. Nxe5 Qe7 25. Rxf8 Qxf8 26. Bc5 Qh8 27. Bd6 Nfe8 28. Nf7 Qg8 29. Bc4 Be6 30. Bxe6 Nxe6 31. Bxb8 Qxf7 32. e5 N8c7 33. Qd3 Nc5 34. Qc3 N7e6 35. Bd6 Nd7 36. Nxd7 Qxd7 37. Qxa5 1-0

[Event "Fievre du Printemps"]
[Site "Montreal CAN"]
[Date "1986.05.29"]
[Round "6"]
[White "Leveille, Francois"]
[Black "Bolduc, Steve"]
[Result "0-1"]
[WhiteElo "2277"]
[BlackElo "2260"]
[PlyCount "86"]
[GameId "2160767912651519"]
[EventDate "1986.05.12"]
[EventType "tourn"]
[EventRounds "9"]
[EventCountry "CAN"]
[SourceTitle "hb 2011"]

1. e4 c6 2. d4 d5 3. Nd2 dxe4 4. Nxe4 Nd7 5. Bc4 Ngf6 6. Ng5 e6 7. Qe2 Nb6 8. Bd3 h6 9. N5f3 c5 10. dxc5 Bxc5 11. Ne5 Nbd7 12. Ngf3 Nxe5 13. Nxe5 O-O 14. Bd2 Qd5 15. O-O-O Qxa2 16. c3 b5 17. Bb1 Qa6 18. g4 b4 19. c4 Bd4 20. Bf4 Rd8 21. g5 hxg5 22. Bxg5 Bb7 23. Bxf6 gxf6 24. Qg4+ Kf8 25. Rxd4 fxe5 26. Rxd8+ Rxd8 27. Rd1 Rxd1+ 28. Kxd1 Qc6 29. Qg5 Qh1+ 30. Kc2 Be4+ 31. Kb3 Qxb1 32. Qd8+ Kg7 33. Qg5+ Bg6 34. Qxe5+ Kh7 35. Kxb4 Qd3 36. c5 Qd7 37. Qd6 Qb7+ 38. Kc3 Be4 39. b4 Qb5 40. h4 a5 41. bxa5 Qxa5+ 42. Kd4 Bd5 43. Qf8 Qa1+ 0-1

[Event "Fievre du Printemps"]
[Site "Montreal CAN"]
[Date "1986.06.02"]
[Round "7"]
[White "Bolduc, Steve"]
[Black "Dupuis, Stephane"]
[Result "1-0"]
[WhiteElo "2260"]
[BlackElo "2101"]
[PlyCount "47"]
[GameId "2160767912651520"]
[EventDate "1986.05.12"]
[EventType "tourn"]
[EventRounds "9"]
[EventCountry "CAN"]
[SourceTitle "hb 2011"]

1. b4 d5 2. Bb2 Qd6 3. a3 a5 4. b5 e5 5. Nf3 f6 6. c4 dxc4 7. e3 Be6 8. Qc2 Nd7 9. Bxc4 Qc5 10. d3 Nb6 11. Nbd2 Nxc4 12. dxc4 g6 13. a4 Qe7 14. O-O Bg7 15. Ne4 Bf5 16. Ba3 Qf7 17. b6 Bxe4 18. Qxe4 c6 19. Rfd1 Ne7 20. Rd2 Rd8 21. Rxd8+ Kxd8 22. Rd1+ Kc8 23. Qd3 Nf5 24. Qd2 1-0

[Event "Laval VI"]
[Site "Laval CAN"]
[Date "1986.03.21"]
[Round "1"]
[White "Wilkin, Alain"]
[Black "Bolduc, Steve"]
[Result "0-1"]
[WhiteElo "1897"]
[BlackElo "2117"]
[PlyCount "80"]
[GameId "2160767912717192"]
[EventDate "1986.03.21"]
[EventType "swiss"]
[EventRounds "5"]
[EventCountry "CAN"]
[SourceTitle "hb 2011"]

1. e4 e6 2. d3 c5 3. Nf3 d5 4. Nbd2 Nc6 5. g3 Be7 6. Bg2 Nf6 7. O-O b6 8. e5 Nd7 9. Re1 Qc7 10. Qe2 Bb7 11. c3 h6 12. a4 O-O-O 13. h3 g5 14. Nf1 Rdg8 15. Bd2 g4 16. hxg4 Rxg4 17. N1h2 Rg7 18. b4 h5 19. a5 h4 20. axb6 axb6 21. Bf4 hxg3 22. Bxg3 cxb4 23. cxb4 Bxb4 24. Rec1 Nc5 25. Qc2 Kd7 26. Nf1 Ba5 27. Qb1 Ba6 28. Rxa5 Bxd3 29. Qa2 Nxa5 30. Nd4 Bc4 31. Rxc4 Nxc4 32. Nb5 Qb8 33. Qe2 Qa8 34. Nc3 Qc6 35. Nh2 Rhg8 36. Nf3 Qa8 37. Qd1 Nb2 38. Qb1 Qa3 39. Nb5 Qb3 40. Qa1 Qd1+ 0-1

[Event "Laval VI"]
[Site "Laval CAN"]
[Date "1986.03.23"]
[Round "4"]
[White "Bolduc, Steve"]
[Black "Williams, Leo"]
[Result "1-0"]
[WhiteElo "2117"]
[BlackElo "2233"]
[PlyCount "75"]
[GameId "2160767912717201"]
[EventDate "1986.03.21"]
[EventType "swiss"]
[EventRounds "5"]
[EventCountry "CAN"]
[SourceTitle "hb 2011"]

1. d4 Nf6 2. Nf3 g6 3. c4 Bg7 4. Nc3 d5 5. Qb3 dxc4 6. Qxc4 O-O 7. e4 Bg4 8. Be3 Nfd7 9. Qb3 Nb6 10. Rd1 Nc6 11. d5 Ne5 12. Be2 Nxf3+ 13. gxf3 Bh5 14. a4 Qc8 15. Nb5 Qh3 16. Nd4 Rab8 17. Bf4 c5 18. Bf1 Qc8 19. Nb5 c4 20. Qa3 a6 21. Nd4 Ra8 22. a5 e5 23. dxe6 fxe6 24. Bh3 Bxd4 25. Qd6 Re8 26. Rxd4 Na4 27. O-O Nxb2 28. Bh6 Nd3 29. e5 Bxf3 30. Rxc4 Qd8 31. Bxe6+ Kh8 32. Rc7 Rg8 33. Bxg8 Qxd6 34. exd6 Kxg8 35. d7 Bg4 36. Bg5 Bxd7 37. Rxd7 Ne5 38. Rd8+ 1-0

[Event "Montreal op"]
[Site "Montreal CAN"]
[Date "1985.09.??"]
[Round "1"]
[White "Morin, Roch"]
[Black "Bolduc, Steve"]
[Result "0-1"]
[WhiteElo "1833"]
[BlackElo "2151"]
[PlyCount "88"]
[GameId "2160767912717832"]
[EventDate "1985.08.31"]
[EventType "swiss"]
[EventRounds "6"]
[EventCountry "CAN"]
[SourceTitle "hb 2011"]

1. e4 Nf6 2. e5 Nd5 3. Nc3 Nxc3 4. bxc3 d6 5. Nf3 Bg4 6. Bc4 e6 7. h3 Bxf3 8. Qxf3 d5 9. Be2 c5 10. Rb1 Qc7 11. O-O Nc6 12. Qf4 O-O-O 13. d4 h5 14. Qe3 Be7 15. Bb2 c4 16. f4 g6 17. g3 Rdg8 18. Qc1 Qa5 19. Ra1 Qa4 20. Qd2 Bf8 21. Bf3 Ne7 22. Qg2 g5 23. f5 g4 24. hxg4 hxg4 25. Bd1 Bh6 26. Bc1 exf5 27. Bxh6 Rxh6 28. Rb1 Rgh8 29. Rb4 Qd7 30. Rf2 Qe6 31. Kf1 Rh1+ 32. Ke2 R8h3 33. Rb5 Qh6 34. Rc5+ Kb8 35. Rxd5 Qc1 36. Rd8+ Kc7 37. Rd7+ Kxd7 38. Qxb7+ Kd8 39. Qa8+ Nc8 40. Qd5+ Ke8 41. Qc6+ Kf8 42. Qxc8+ Kg7 43. Qxf5 Qxd1+ 44. Ke3 Qe1+ 0-1

[Event "Montreal op"]
[Site "Montreal CAN"]
[Date "1985.08.31"]
[Round "2"]
[White "Bolduc, Steve"]
[Black "Mercille, Pierre"]
[Result "1/2-1/2"]
[WhiteElo "2151"]
[BlackElo "1880"]
[PlyCount "100"]
[GameId "2160767912717833"]
[EventDate "1985.08.31"]
[EventType "swiss"]
[EventRounds "6"]
[EventCountry "CAN"]
[SourceTitle "hb 2011"]

1. d4 Nf6 2. c4 e6 3. Nf3 Bb4+ 4. Bd2 Qe7 5. g3 Nc6 6. Bg2 Bxd2+ 7. Nbxd2 d6 8. O-O O-O 9. e4 e5 10. d5 Nb8 11. b4 a5 12. a3 Na6 13. Ne1 Bg4 14. f3 Bh5 15. Nd3 Nd7 16. g4 Bg6 17. Nb3 b6 18. Qc2 Qg5 19. c5 a4 20. Nbc1 bxc5 21. Qxa4 Qe3+ 22. Kh1 Nxb4 23. Qxd7 Nxd3 24. Nxd3 Qxd3 25. a4 Ra7 26. Rf2 f6 27. Bf1 Qe3 28. Raa2 Be8 29. Qe6+ Bf7 30. Qe7 Rxa4 31. Rae2 Qc1 32. Qxc7 h5 33. h3 Ra1 34. Qxd6 Qf4 35. Kg2 h4 36. Qxc5 Qg3+ 37. Kh1 Qxh3+ 38. Kg1 Qg3+ 39. Rg2 Qxf3 40. Qf2 Qxf2+ 41. Rgxf2 Rb8 42. Kh2 Rb6 43. Rc2 Re1 44. Bg2 Re3 45. g5 Bg6 46. gxf6 Rxf6 47. Rc8+ Kf7 48. Rc7+ Kg8 49. Rxf6 gxf6 50. Bf1 Bxe4 1/2-1/2